000 01156nam a2200313 c 4500
003 BLK
005 20230407030408.0
008 180411b bul|||||r ||||||| ||bul||
010 _aKNG00183299000
040 _aBLK
041 _aBUL
_cBUL
080 _aБългарска литература
_b821.163.2
_x.09
_z821.163.2.09
100 1 _aЯнков, Николай К.
_eпърви автор
_9287943
139 _aЯнков, Николай К.
_bЯ 60
245 1 0 _aЛюбимата книга
_bРазкази и случки за и около "Под игото" на Иван Вазов
_cНиколай К. Янков.
257 _aBGR
260 София
_bОтечество
_c1984
300 _a112 с., 8 л.
_bил.
_c21 см
380 _a82
500 _a1. изд. 1980. - 12 115 тир.
650 4 _aБългарска литература, 1878-1944 г.
_9247058
653 _aбългарска литература
653 _aИван Вазов
852 _aЦб 128945
856 4 _qpdf
_u
856 4 _qpdf
_u
942 _cKNG
_n0
944 _aCR
_c06.10.2015
_kКамелия_Данева
944 _aED
_c06.10.2015
_kКамелия_Данева
999 _c174796
_d174796